Online
Catalog
Normal view MARC view

Entry Nombre personal

Number of records used in: 16

001 - NÚMERO DE CONTROL

  • campo de control: 10159

003 - IDENTIFICADOR DEL NÚMERO DE CONTROL

  • campo de control: BNPHU

005 - FECHA Y HORA DE LA ÚLTIMA TRANSACCIÓN

  • campo de control: 20250123122253.0

008 - DATOS DE LONGITUD FIJA

  • campo de control de longitud fija: 200615|| aca||aabn | a|a d

010 ## - NÚMERO DE CONTROL DE LA BIBLIOTECA DEL CONGRESO

  • Número de control de LC: n 50001257

040 ## - FUENTE DE LA CATALOGACIÓN

  • Centro catalogador/agencia de origen: DO-SdBNP
  • Lengua de catalogación: spa
  • Centro/agencia transcriptor: BNPHU
  • Normas de descripción: rda

046 ## - FECHAS CON CODIFICACIÓN ESPECIAL

  • Fecha de nacimiento: 1944-04-03

100 1# - ENCABEZAMIENTO-NOMBRE DE PERSONA

  • Nombre de persona: Fiallo Billini, José Antinoe
  • Fechas asociadas al nombre: 1944-

370 ## - LUGAR ASOCIADO

  • Lugar de nacimiento: Santo Domingo (República Dominicana)

373 ## - GRUPO ASOCIADO

  • Grupo asociado: Universidad Autónoma de Santo Domingo

374 ## - OCUPACIÓN

  • Ocupación: Profesor universitario

375 ## - GÉNERO/SEXO

  • Género/Sexo: Masculino

377 ## - LENGUA/LENGUAJE ASOCIADO

  • Código del idioma: spa

400 1# - TRAZADO DE VÉASE--NOMBRE DE PERSONA

  • Nombre de persona: Billini, Antinoe Fiallo

400 1# - TRAZADO DE VÉASE--NOMBRE DE PERSONA

  • Nombre de persona: Billini, José Antinoe Fiallo

670 ## - FUENTE DE DATOS ENCONTRADOS

  • Cita de la fuente: Work cat.: (OSt)3050: Fiallo Billini, José Antinoe, Democracia, participación popular y reforma constitucional /, 2001.

670 ## - FUENTE DE DATOS ENCONTRADOS

  • Cita de la fuente: Estrategia alternativa ... 1976.

670 ## - FUENTE DE DATOS ENCONTRADOS

  • Cita de la fuente: Pensamientos sociales y procesos sociohistóricos, 2020: |
  • Información encontrada: portada (José Antinoe Fialo Billini) solapa frontal (José Antinoe Fialo Billini nació el 3 de abril de 1944 en Santo Domingo, República Dominicana; estudió en la Universidad Autónoma de Santo Domingo (UASD) y ha enseñado allí y en otras universidades

Powered by Koha